Welcome to CU Library Online Public Access Catalogue (OPAC)

Basic & clinical pharmacology / (Record no. 4448)

MARC details
000 -LEADER
fixed length control field 00757cam a22002174a 4500
001 - CONTROL NUMBER
control field 13670923
005 - DATE AND TIME OF LATEST TRANSACTION
control field 20250303075151.0
008 - FIXED-LENGTH DATA ELEMENTS--GENERAL INFORMATION
fixed length control field 040729s2004 nyua b 001 0 eng
020 ## - INTERNATIONAL STANDARD BOOK NUMBER
International Standard Book Number 9780071410922
050 00 - LIBRARY OF CONGRESS CALL NUMBER
Classification number RM301.28
245 00 - TITLE STATEMENT
Title Basic & clinical pharmacology /
Statement of responsibility, etc. edited by Bertram G. Katzung.
250 ## - EDITION STATEMENT
Edition statement 9th ed.
260 ## - PUBLICATION, DISTRIBUTION, ETC.
Place of publication, distribution, etc. New York :
Name of publisher, distributor, etc. Lange Medical Books/McGraw Hill,
Date of publication, distribution, etc. c2004.
300 ## - PHYSICAL DESCRIPTION
Extent xiv, 1202 p. :
Other physical details ill. ;
Dimensions 24 cm.
650 #0 - SUBJECT ADDED ENTRY--TOPICAL TERM
Topical term or geographic name entry element Clinical pharmacology.
650 #0 - SUBJECT ADDED ENTRY--TOPICAL TERM
Topical term or geographic name entry element Pharmacology.
700 1# - ADDED ENTRY--PERSONAL NAME
Personal name Katzung, Bertram G.
856 42 - ELECTRONIC LOCATION AND ACCESS
Materials specified Publisher description
Uniform Resource Identifier <a href="http://www.loc.gov/catdir/description/mh051/2004561121.html">http://www.loc.gov/catdir/description/mh051/2004561121.html</a>
856 41 - ELECTRONIC LOCATION AND ACCESS
Materials specified Table of contents
Uniform Resource Identifier <a href="http://www.loc.gov/catdir/toc/mh051/2004561121.html">http://www.loc.gov/catdir/toc/mh051/2004561121.html</a>
942 ## - ADDED ENTRY ELEMENTS (KOHA)
Source of classification or shelving scheme Library of Congress Classification
Koha item type Books
Edition 9th ed.
Suppress in OPAC No
999 ## -
-- 4448
-- 4448
Holdings
Withdrawn status Lost status Source of classification or shelving scheme Damaged status Not for loan Collection Home library Current library Shelving location Date acquired Total checkouts Full call number Barcode Date last seen Copy number Price effective from Koha item type
    Library of Congress Classification     Non-fiction Science Library (Miotso) Science Library (Miotso) General stacks 03/03/2025   RM301.28 BAS SLM00004168 03/03/2025 1 03/03/2025 Books
    Library of Congress Classification     Non-fiction Science Library (Miotso) Science Library (Miotso) General stacks 03/03/2025   RM301.28 BAS SLM00004169 03/03/2025 2 03/03/2025 Books
    Library of Congress Classification     Non-fiction Science Library (Miotso) Science Library (Miotso) General stacks 03/03/2025   RM301.28 BAS SLM00004170 03/03/2025 3 03/03/2025 Books
    Library of Congress Classification     Non-fiction Science Library (Miotso) Science Library (Miotso) General stacks 03/03/2025   RM301.28 BAS SLM00004171 03/03/2025 4 03/03/2025 Books
    Library of Congress Classification     Non-fiction Science Library (Miotso) Science Library (Miotso) General stacks 03/03/2025   RM301.28 BAS SLM00004172 03/03/2025 5 03/03/2025 Books
© 2023-2024 Copyright: Central University Libraries. All Rights Reserved | Created by: Mahone Tech Office